00708 a2200205 4500010001400000020002600014035001300040037001600053082001100069090001500080100001900095245006800114260003900182270005800221300002700279500002000306942002500326999001500351952013600366 aENG-88902 c500.00a9788189239343 aEN-72435 bDBAD / PUB14a954.01 c9643d96431 aNarula, Sanjay1 aAncient Indian social and political thought /cby Sanjay Narula aNew DelhibMurari Lal & Sonsc2007 a4378/4B, Ansari Road, Darya Ganj,bNew Delhie110 002 av, 248p. :c22cm (Hb) aIncludes index adplcENk954.01/ NAR c9468d9468 00102ddc40718NFICaDBADbDBADeDBAD/PUBg500.00l0o954.01 NARpEN-72435r2008-09-15 00:00:00t1u10452v500.00w2008-09-15yEN